<?xml version="1.0" encoding="UTF-8"?>
<record
    xmlns:xsi="http://www.w3.org/2001/XMLSchema-instance"
    xsi:schemaLocation="http://www.loc.gov/MARC21/slim http://www.loc.gov/standards/marcxml/schema/MARC21slim.xsd"
    xmlns="http://www.loc.gov/MARC21/slim">

  <leader>00785nam a2200181Ia 4500</leader>
  <controlfield tag="001">14718</controlfield>
  <controlfield tag="003">GE_BSU</controlfield>
  <controlfield tag="008">181216s||||||||xx |||||||||||||| ||und||</controlfield>
  <datafield tag="040" ind1=" " ind2=" ">
    <subfield code="c">GE_BSU</subfield>
  </datafield>
  <datafield tag="080" ind1=" " ind2=" ">
    <subfield code="a">665.6+665.65</subfield>
  </datafield>
  <datafield tag="100" ind1=" " ind2=" ">
    <subfield code="a">&#x421;&#x43A;&#x43E;&#x431;&#x43B;&#x43E;,&#x410;.&#x418;.&#x422;&#x440;&#x435;&#x433;&#x443;&#x431;&#x43E;&#x432;&#x430;,&#x418;.&#x410;. &#x415;&#x433;&#x43E;&#x440;&#x43E;&#x432;,&#x41D;.&#x41D;.</subfield>
  </datafield>
  <datafield tag="245" ind1=" " ind2=" ">
    <subfield code="a">&#x41F;&#x440;&#x43E;&#x446;&#x435;&#x441;&#x441;&#x44B; &#x438; &#x430;&#x43F;&#x43F;&#x430;&#x440;&#x430;&#x442;&#x44B; &#x43D;&#x435;&#x444;&#x442;&#x435;&#x43F;&#x435;&#x440;&#x435;&#x440;&#x430;&#x431;&#x430;&#x442;&#x44B;&#x432;&#x430;&#x44E;&#x449;&#x435;&#x439; &#x438; &#x43D;&#x435;&#x444;&#x442;&#x435;&#x445;&#x438;&#x43C;&#x438;&#x447;&#x435;&#x441;&#x43A;&#x43E;&#x439; &#x43F;&#x440;&#x43E;&#x43C;&#x44B;&#x448;&#x43B;&#x435;&#x43D;&#x43D;&#x43E;&#x441;&#x442;&#x438;.</subfield>
  </datafield>
  <datafield tag="245" ind1=" " ind2=" ">
    <subfield code="b">&#x423;&#x447;&#x435;&#x431;&#x43D;&#x438;&#x43A;.</subfield>
  </datafield>
  <datafield tag="245" ind1=" " ind2=" ">
    <subfield code="c">&#x412;&#x435;&#x434;. &#x440;&#x435;&#x434;. &#x421;.&#x418;.&#x411;&#x430;&#x431;&#x443;&#x448;&#x43A;&#x438;&#x43D;&#x430; &#x438; &#x41A;.&#x424;.&#x41A;&#x43B;&#x435;&#x438;&#x43C;&#x435;&#x43D;&#x43E;&#x432;&#x430;.</subfield>
  </datafield>
  <datafield tag="300" ind1=" " ind2=" ">
    <subfield code="a">652 &#x441;&#x442;&#x440;. 22 &#x441;&#x43C;. &#x441; &#x438;&#x43B;&#x43B;.</subfield>
  </datafield>
  <datafield tag="653" ind1=" " ind2=" ">
    <subfield code="a">&#x41F;&#x440;&#x43E;&#x446;&#x435;&#x441;&#x441;&#x44B; &#x438; &#x430;&#x43F;&#x43F;&#x430;&#x440;&#x430;&#x442;&#x44B; &#x43D;&#x435;&#x444;&#x442;&#x435;&#x43F;&#x435;&#x440;&#x435;&#x440;&#x430;&#x431;&#x430;&#x442;&#x44B;&#x432;&#x430;&#x44E;&#x449;&#x435;&#x439; &#x438; &#x43D;&#x435;&#x444;&#x442;&#x435;&#x445;&#x438;&#x43C;&#x438;&#x447;&#x435;&#x441;&#x43A;&#x43E;&#x439; &#x43F;&#x440;&#x43E;&#x43C;&#x44B;&#x448;&#x43B;&#x435;&#x43D;&#x43D;&#x43E;&#x441;&#x442;&#x438;.</subfield>
  </datafield>
  <datafield tag="942" ind1=" " ind2=" ">
    <subfield code="c">BK</subfield>
  </datafield>
  <datafield tag="999" ind1=" " ind2=" ">
    <subfield code="c">47844</subfield>
    <subfield code="d">47844</subfield>
  </datafield>
  <datafield tag="952" ind1=" " ind2=" ">
    <subfield code="0">0</subfield>
    <subfield code="1">0</subfield>
    <subfield code="4">0</subfield>
    <subfield code="7">0</subfield>
    <subfield code="9">62606</subfield>
    <subfield code="d">2018-12-17</subfield>
    <subfield code="p">10181</subfield>
    <subfield code="r">2018-12-17</subfield>
    <subfield code="w">2018-12-17</subfield>
    <subfield code="y">BK</subfield>
  </datafield>
</record>
